00730 a2200301 4500260001000000630002500010037001300035037001200048037001100060650002800071100002000099700002200119260001000141245007800151300000900229650002800238260000900266300000900275100000700284440004500291037001200336037001200348037001200360037001100372250001300383020001800396440001400414 aParis a657 - Comptabilité b1, Achat b2, CIUF b1, MES a6 - SCIENCES APPLIQUEES aCaspar, Bernard aEnselme, Gérard bLitec aManuel de comptabilité approfondie et révision : DECF, épreuve n°6 a617p aComptabilité : manuel c2002 b24cm lFr aCollection Objectif. Expertise Comptable aDe 8230 aDe 8437 aDe 9587 a04/504 a5e éd. a2-7111-3403-2 x0150-8814